000 00407nam a2200169Ia 4500
008 230524s9999 xx 000 0 und d
020 _a9789350510575
082 _a330
_bMIT
100 _aD.M. Mithani
245 0 _aEngineering Economics and Costing
250 _a1
260 _aMumbai
_bHimalaya pub.
_c2011
300 _a325p:
500 _aQuantity Number: 1
650 _aEconomics
942 _cBK
999 _c56443
_d56443